000 00483cam a2200193ua 4500
020 _c7.5
041 _aeng
_h
082 _a372.27
_bTAN/MO
100 _aTaneja, V R .
245 _aModern evaluation and grading /
_cV R Taneja.
_hTextual Documents
250 _a1 /
_b.
260 _aChandigarh :
_bpublication bureau Panjab university ,
_c1967.
300 _a64 ; .
365 _a7.5
504 _a
700 1 _aVerma, D P .
942 _cBK
999 _c11429
_d11429